| 000 | 00534nam a22002057a 4500 | ||
|---|---|---|---|
| 003 | OSt | ||
| 005 | 20140310181735.0 | ||
| 008 | 130319t xxu||||| |||| 00| 0 eng d | ||
| 020 | _a9715145701 | ||
| 050 |
_aBX 945 _bM35 2005 |
||
| 082 |
_aBX 945 _bM35 2005 |
||
| 245 |
_a The Church on the Move _cManabat, Josefina M. |
||
| 260 |
_aQuezon City _bPublished by FNB Educational, Inc. _c2005 |
||
| 300 |
_a332 p. _c25 cm |
||
| 521 | _aTeachers | ||
| 541 | _j1 | ||
| 541 | _j1 | ||
| 562 | _e2 | ||
| 942 |
_2lcc _cBK-TR _kTR |
||
| 999 |
_c2533 _d2533 |
||